| 000 | 00354nam a2200145Ia 4500 | ||
|---|---|---|---|
| 008 | 230312s9999||||xx |||||||||||||| ||und|| | ||
| 020 | _a0-619-03551-x | ||
| 082 |
_a004.6 _bTOM-G |
||
| 100 | _aMandl;Daniel | ||
| 245 | 0 | _aMac OS X 10.6 Snow leopard | |
| 260 |
_bThomson _aAustralia _c2002 |
||
| 300 | _a486 | ||
| 650 |
_aComputer _vComputer |
||
| 942 | _cBK | ||
| 999 |
_c15479 _d15479 |
||